Anthropology and contemporary human problems

Gardado en:
Detalles Bibliográficos
Autor Principal: Bodley, John H
Formato: Libro
Publicado: Mayfield Publishing Company 1995
Các nhãn: Engadir etiqueta
Sen Etiquetas, Sexa o primeiro en etiquetar este rexistro!
Thư viện lưu trữ: Mạng thư viện Đại học Đà Nẵng
LEADER 00567nam a2200229 a 4500
001 000029039
003 14268
005 20171030145630.0
008 171030s1995
040 |a LTT 
082 0 |a 306  |b BO-J 
100 1 |a Bodley, John H 
245 0 0 |a Anthropology and contemporary human problems  |c John H. Bodley. 
260 |b Mayfield Publishing Company  |c 1995 
500 |a ASIA 
OWN |a LTT 
999 |a From the UDN01 
TYP |a Monograph 
TYP |a Printed language 
980 |a Mạng thư viện Đại học Đà Nẵng